Give me liberty / (Record no. 4556)

MARC details
000 -LEADER
fixed length control field 00889nam a22002417a 4500
001 - CONTROL NUMBER
control field 4556
003 - CONTROL NUMBER IDENTIFIER
control field FISKH
005 - DATE AND TIME OF LATEST TRANSACTION
control field 20240916145841.0
008 - FIXED-LENGTH DATA ELEMENTS--GENERAL INFORMATION
fixed length control field 240916b cb ||||| |||| 00| 0 eng d
020 ## - INTERNATIONAL STANDARD BOOK NUMBER
International Standard Book Number 9780545081030
040 ## - CATALOGING SOURCE
Original cataloging agency FISKH
Language of cataloging eng
Transcribing agency FISKH
Modifying agency FISKH
050 ## - LIBRARY OF CONGRESS CALL NUMBER
Classification number PZ7.E453
100 ## - MAIN ENTRY--PERSONAL NAME
Personal name Elliott, L.M.
Dates associated with a name 1957-
245 ## - TITLE STATEMENT
Title Give me liberty /
Statement of responsibility, etc. L.M. Elliott
250 ## - EDITION STATEMENT
Edition statement First printing in 2008
260 ## - PUBLICATION, DISTRIBUTION, ETC.
Place of publication, distribution, etc. New York :
Name of publisher, distributor, etc. Scholastic,
Date of publication, distribution, etc. 2008.
300 ## - PHYSICAL DESCRIPTION
Extent 376 pages :
Dimensions 20cm
520 ## - SUMMARY, ETC.
Summary, etc. Follows the life of thirteen-year-old Nathaniel Dunn, from May 1774 to December 1775, as he serves his indentureship with a music teacher in Williamsburg, Virginia, and witnesses the growing rift between patriots and loyalists, culminating in the American Revolution.
650 ## - SUBJECT ADDED ENTRY--TOPICAL TERM
Source of heading or term American Revolution
Topical term or geographic name entry element Virginia
650 ## - SUBJECT ADDED ENTRY--TOPICAL TERM
Source of heading or term Slavery
Topical term or geographic name entry element 18th century
942 ## - ADDED ENTRY ELEMENTS (KOHA)
Source of classification or shelving scheme Dewey Decimal Classification
Koha item type Books
Suppress in OPAC No
Holdings
Withdrawn status Lost status Source of classification or shelving scheme Damaged status Not for loan Collection Home library Current library Shelving location Date acquired Total Checkouts Full call number Barcode Date last seen Copy number Price effective from Koha item type
    Dewey Decimal Classification     Fiction Footprints International School Library Network Toul Kork Campus Footprints International School Library Network Toul Kork Campus TTP Secondary Fiction Bookshelves 09/16/2024   ELL PZ7.E453 2024-1970 09/16/2024 1 09/16/2024 Books